| Tag |
First Indicator |
Second Indicator |
Subfields |
| LEADER |
00000cam a2200000 4500 |
| 001 |
in00000043169 |
| 005 |
20200725064432.0 |
| 008 |
730921s1917 nyua b 00010 eng u |
| 010 |
|
|
|a 17006767
|
| 035 |
|
|
|a (OCoLC)00692987
|
| 035 |
|
|
|9 AAE4910AM
|
| 040 |
|
|
|c KSU
|d TXA
|d UtOrBLW
|
| 049 |
|
|
|a TXAM
|c [10158]
|
| 050 |
0 |
0 |
|a QD171
|b .B9 1917
|
| 092 |
|
|
|a 546.6
|b B88i4
|
| 100 |
1 |
|
|a Browning, Philip Embury,
|d 1866-1937.
|
| 245 |
1 |
0 |
|a Introduction to the rarer elements /
|c by Philip E. Browning.
|
| 250 |
|
|
|a 4th ed., thoroughly rev.,
|b 1st thousand.
|
| 264 |
|
1 |
|a New York :
|b John Wiley & sons, inc.; [etc., etc.],
|c 1917.
|
| 300 |
|
|
|a x, 250 pages :
|b double color frontispiece, 1 illustration, tables. ;
|c 24 cm.
|
| 336 |
|
|
|a text
|b txt
|2 rdacontent
|
| 337 |
|
|
|a unmediated
|b n
|2 rdamedia
|
| 338 |
|
|
|a volume
|b nc
|2 rdacarrier
|
| 504 |
|
|
|a "Indexes to the literature of certain elements": pages ix-x.
|
| 650 |
|
0 |
|a Chemistry, Inorganic.
|
| 650 |
|
0 |
|a Rare earths.
|
| 999 |
|
|
|a MARS
|
| 999 |
f |
f |
|s d273e2ac-e494-38bf-9462-e05afd08a309
|i b8c53432-3455-3803-9b2a-b9fff2c73179
|t 0
|
| 952 |
f |
f |
|p ric
|a Texas A&M University
|b Rellis Campus
|c Joint Library Facility
|s JLF
|d Remote Storage
|t 0
|e QD171 B9 1917
|h Library of Congress classification
|i unmediated -- volume
|m A14825716267
|
| 998 |
f |
f |
|a QD171 B9 1917
|t 0
|l Remote Storage
|